FIFA Worldcup final Goalscorers - Sudden Death - Statistics

General Stats
  • This quiz has been taken 98 times
  • The average score is 4 of 12
Answers on the Grid
Answers color-coded by a green-red scale on the quiz's grid according to % correct below.
Mario Götze
Lionel Messi
Ángel Di María
Kylian Mbappé
Antoine Griezmann
Paul Pogba
Ivan Perišić
Mario Mandžukić
Andrés Iniesta
Marco Materazzi
Zinédine Zidane
Ronaldo
Miroslav Klose
Ronaldinho
Thierry Henry
Francesco Totti
Robin van Persie
Arjen Robben
Xavi
Olivier Giroud
Luka Modrić
Julián Álvarez
Ousmane Dembélé
Neymar
Thomas Müller
Mesut Özil
Randal Kolo Muani
Christiano Ronaldo
 
Answer Stats
Answer % Correct
Kylian Mbappé
52%
Lionel Messi
48%
Mario Götze
38%
Zinédine Zidane
37%
Ángel Di María
33%
Antoine Griezmann
33%
Paul Pogba
33%
Ronaldo
33%
Andrés Iniesta
31%
Ivan Perišić
25%
Mario Mandžukić
23%
Marco Materazzi
10%
No matching quizzes found
Score Distribution
Percent of People with Each Score
Percentile by Number Answered
Your Score History
You have not taken this quiz